[Event "CHN-chW 2019"]
[Site "Xinghua"]
[Date "2019.05.19"]
[Round "8.8"]
[White "Ning, Kaiyu"]
[Black "Ni, Shiqun"]
[Result "1-0"]
[WhiteElo "2256"]
[BlackElo "2439"]
[Annotator "TA"]
[PlyCount "103"]
[EventDate "2019.05.11"]
[EventType "tourn"]
[EventCountry "CHN"]
[SourceTitle "playchess.com"]
[Source "ChessBase"]
[SourceQuality "1"]

{[%evp 10,111,19,38,29,16,22,29,22,22,40,25,32,22,22,26,37,9,10,9,18,17,25,31,33,28,29,8,12,0,0,5,0,0,4,0,33,35,35,36,31,31,46,47,71,54,89,88,88,88,88,71,71,71,88,71,78,78,78,0,31,0,79,0,88,72,183,163,216,156,167,158,161,123,133,130,127,126,155,121,170,156,176,80,170,169,151,177,387,343,6179,249,249,249,864,666,666,662,658,656,650,577,763,649]} 1. d4 Nf6 2. Nf3 g6 3. Nbd2 d5 4. b4 Bg7 5. e3 O-O 6. c4 c6 {D02: 1 d4 d5 2 Nf3 sidelines, including 2...Nf6 3 g3 and 2...Nf6 3 Bf4} (6... a5 7. b5 c5 8. Bb2 Nbd7 9. Be2 b6 10. O-O Bb7 11. Rc1 Rc8 12. cxd5 Bxd5 13. Bc4 Bb7 14. Qe2 {1-0 (45) Inarkiev,E (2690)-Wei,Y (2735) Magas 2018}) 7. Be2 Bf5 8. O-O Ne4 $146 {White has an edge.} ({Predecessor:} 8... Nbd7 9. Bb2 Ne4 10. Nxe4 Bxe4 11. Nd2 {1-0 (47) Ivanisevic,I (2611)-Ivic,V (2516) Belgrade 2019}) 9. Bb2 Nxd2 10. Nxd2 Nd7 11. cxd5 cxd5 12. Qb3 Nf6 13. a4 Qd7 14. b5 Rfc8 15. Rfc1 Ne4 16. Nxe4 Bxe4 17. a5 Bf5 18. Rc5 b6 19. axb6 (19. Rxd5 {seems wilder.} Qc7 20. Rxf5 gxf5 21. Bd3 e6 22. a6) 19... axb6 20. Rxa8 Rxa8 21. Rc6 ({Not} 21. Qxd5 $2 Qxd5 22. Rxd5 Ra2 $19) 21... Qd8 22. Bf3 Bd7 23. Bxd5 e6 24. Bf3 $36 {[%mdl 2048] White has some pressure.} Bxc6 25. bxc6 {And now c7! would win.} Ra7 26. g3 {[%mdl 1024] White has compensation.} h5 27. h4 Bf6 28. Kg2 Bg7 29. Bc3 Qc7 30. Qb5 Ra8 31. Qc4 Ra7 32. Qb3 Ra8 33. Qb5 Ra7 34. Qg5 (34. Qb1 $16) 34... Ra4 35. Qb5 Ra8 36. Qc4 Ra7 $1 37. e4 Ra8 {[#]} (37... e5 $16) 38. e5 $1 $18 Ra7 (38... Kh7 {might work better.} 39. Be4 Kg8) 39. Qe2 Qd8 40. Qb2 Bf8 41. Qb5 Ra3 42. Bb2 Ra5 43. Qb3 Be7 44. Qd3 Kg7 45. Be4 b5 46. Qc2 (46. d5 $18 {is the precise move to win. Hoping for d6.} exd5 47. e6+ (47. Qxd5 Qxd5 48. Bxd5 b4 $11) (47. Bxd5 b4 $11) 47... Bf6 48. Bxf6+ {[%mdl 64] Overworked Piece} (48. Qxd5 Qxd5 49. Bxd5 Ra7 $11) 48... Qxf6 49. Bxd5) 46... Qc7 (46... b4 $16 {was called for.}) 47. d5 exd5 48. Bxd5 b4 $2 (48... Ra8 49. Qb3 b4 50. Bxf7 Qxc6+ 51. Bd5 {[%mdl 64] Skewer} Qe8 52. e6+ Kh7 53. Bxa8 Qxa8+ 54. Kh2 Qf8) 49. Qe4 {Strongly threatening Qf4.} Rc5 $2 (49... Qc8 50. Bd4 Rb5) 50. Qf3 $2 (50. Qf4 Bd8 51. e6+ {[%mdl 64] Discovered Attack} Kh7 52. Qxc7 {[%mdl 64] Overworked Piece} Bxc7 53. e7 Be5 54. Bxe5 Rxd5 55. e8=Q) 50... Bd8 51. Bd4 Rb5 $2 {[#]} (51... Rc3 52. Bxc3 bxc3 53. Qxc3 Qa5) 52. Bc4 {Played: Bd5xf7} 1-0

[Event "CHN-chW 2019"]
[Site "Xinghua"]
[Date "2019.05.19"]
[Round "8.9"]
[White "Zhang, Lanlin"]
[Black "Chu, Ruotong"]
[Result "1-0"]
[WhiteElo "2181"]
[BlackElo "2180"]
[Annotator "TA"]
[PlyCount "43"]
[EventDate "2019.05.11"]
[EventType "tourn"]
[EventCountry "CHN"]
[SourceTitle "playchess.com"]
[Source "ChessBase"]
[SourceQuality "1"]

{[%evp 15,43,32,36,32,35,23,21,16,16,25,31,12,16,6,9,-7,115,116,120,125,149,132,237,256,239,237,237,240,237,229]} 1. e4 e5 2. Nf3 Nf6 3. Nxe5 d6 4. Nf3 Nxe4 5. Nc3 Nxc3 6. dxc3 Be7 7. Be3 Nc6 8. Qd2 Be6 9. O-O-O {C42: Petroff Defence: 3 Nxe5 and unusual White 3rd moves} Qd7 ({Avoid the trap} 9... Bxa2 $2 10. b3 $18) 10. Kb1 (10. h3 Bf6 11. g4 h6 12. Bg2 O-O-O 13. b3 g5 14. Nd4 Nxd4 15. cxd4 d5 16. f4 gxf4 17. Bxf4 {½-½ (39) Cheparinov,I (2679)-Wang,Y (2684) China 2019}) 10... Bf6 11. Nd4 {The position is equal.} Nxd4 12. cxd4 d5 13. Bd3 $146 ({Predecessor:} 13. f3 O-O-O 14. Bd3 Bf5 15. Rhe1 Rde8 16. g4 Bxd3 17. Qxd3 {½-½ (56) Peng,D (2085)-Haessel,D (2181) Wheeling 2014}) 13... O-O-O 14. h4 Bf5 15. Qa5 a6 {[#]} (15... Kb8 $11) 16. Bf4 $1 $16 Bxd3 17. Rxd3 {Threatens to win with Rc3.} Kb8 {[#]} 18. Rb3 $1 $40 {[%mdl 128] Strongly threatening Qxa6. Black is in trouble.} Ka8 (18... Qc8 $16) 19. Bxc7 $18 {Threatening mate with Rxb7!} Bxd4 20. Bxd8 {White is clearly better.} Rxd8 21. Qd2 Bf6 22. g3 {Accuracy: White = 53%, Black = 46%.} 1-0

[Event "CHN-chW 2019"]
[Site "Xinghua"]
[Date "2019.05.19"]
[Round "8.10"]
[White "Huang, Qian"]
[Black "Zhai, Mo"]
[Result "1/2-1/2"]
[WhiteElo "2440"]
[BlackElo "2365"]
[Annotator "TA"]
[PlyCount "327"]
[EventDate "2019.05.11"]
[EventType "tourn"]
[EventCountry "CHN"]
[SourceTitle "playchess.com"]
[Source "ChessBase"]
[SourceQuality "1"]

{[%evp 18,327,14,9,27,0,0,0,0,0,0,-22,-14,-29,-43,-44,-35,-39,-17,-39,10,6,3,3,4,1,5,3,0,6,87,50,52,52,55,51,54,54,55,55,51,50,57,40,55,48,58,43,49,42,45,29,61,62,73,73,73,73,73,73,73,73,73,73,74,74,102,74,74,73,68,74,74,74,87,80,87,69,109,74,74,74,74,74,74,59,66,65,74,74,74,0,74,74,74,73,105,97,95,83,100,59,104,104,118,40,40,40,40,35,48,48,48,48,48,48,48,48,48,48,48,48,48,5,5,5,48,48,48,29,29,29,48,48,48,35,35,35,35,29,38,35,110,5,35,35,48,35,35,35,35,35,35,35,35,35,35,35,35,35,35,35,40,40,48,48,50,48,94,0,66,0,35,35,35,0,48,48,48,48,48,48,48,48,48,48,48,48,48,36,48,27,34,34,39,34,34,34,34,34,76,62,76,56,76,0,76,60,60,42,59,59,73,70,126,27,34,34,34,34,73,73,97,97,97,86,97,72,72,72,92,50,50,50,60,39,39,0,56,0,50,29,160,25,25,25,29,24,25,25,29,29,65,31,35,0,50,50,50,50,50,44,71,71,93,32,66,18,66,35,45,58,60,66,70,72,101,8,12,9,12,14,18,8,8,8,8,8,8,8,8,8,17,0,59,59,80,0,8,8,8,0,0,0,8,0,0,0,0,0,8,8]} 1. Nf3 d5 2. g3 Nf6 3. Bg2 e6 4. O-O Be7 5. c4 O-O 6. b3 c5 7. cxd5 Nxd5 8. Nc3 Bf6 9. Bb2 Nc6 10. Qc2 Nxc3 {A14: English Opening: 1...e6 with b3 by White} (10... Ncb4 {is interesting.} 11. Qb1 b6 12. a3 Nc6 13. b4 Rb8) (10... b6 11. Nxd5 exd5 12. d4 Ba6 13. dxc5 bxc5 14. Rfe1 Rc8 15. Bxf6 Qxf6 16. Rac1 c4 17. Qd2 Rfd8 18. e3 {½-½ (73) Kramnik,V (2812)-Nakamura,H (2787) Leuven 2016}) 11. Bxc3 (11. dxc3 {keeps more tension.} Qc7 12. Rad1 h6 13. Nd2 b6 14. f4) 11... e5 12. Bb2 Qd6 13. d3 Bg4 {[#]} 14. Rac1 $146 ({Predecessor:} 14. h3 Bxf3 15. Bxf3 Rac8 16. Bg2 h5 17. Rfd1 h4 18. g4 {1-0 (49) Burmakin,V (2578)-Beliavsky,A (2620) Grosseto Prugna 2014}) 14... Be7 15. h3 Be6 16. Rfd1 Rac8 17. e3 Rfd8 18. Qe2 Bf5 {[%cal Rf5d3]} 19. d4 $36 {[%mdl 2048] Black is under pressure.} cxd4 20. exd4 exd4 21. Nxd4 Nxd4 22. Bxd4 Rxc1 23. Rxc1 Bd3 (23... b6 $11) 24. Qxd3 (24. Qe3 {is interesting.} Qxd4 25. Qxe7 Bf5 26. Bxb7 Bxh3 27. Bf3) 24... Qxd4 25. Qxd4 Rxd4 26. Bxb7 $16 {[%mdl 4096] Endgame KRB-KRB} g5 27. Rc2 Bd8 28. Kf1 Bb6 29. Ke2 Kg7 30. a3 Rd6 31. Bc8 a5 32. Bf5 Rd5 33. Be4 Rb5 34. Rc3 Bd4 35. Rd3 Bb2 36. a4 $1 {[%cal Ra4b5]} Re5 37. Kf3 Ba3 38. Rd7 h5 39. Bd3 Bb4 40. Rb7 Kf6 41. Bc4 Rf5+ 42. Ke4 Re5+ 43. Kd3 Re7 44. Rb6+ Kg7 45. Rb5 Rd7+ 46. Ke4 Bd2 47. Be2 Kg6 48. Rb6+ f6 49. Bb5 Re7+ 50. Kf3 $1 Be1 51. Rb8 Kg7 52. Bc4 Bc3 53. Rb5 Kg6 54. Rb8 Kg7 $1 55. Rb6 Rd7 56. Be6 Rd3+ 57. Ke4 Rd2 58. Rb7+ Kf8 59. f4 h4 60. gxh4 Rd4+ 61. Kf5 (61. Ke3 $16) 61... Rxf4+ $14 {[%mdl 64] Double Attack} 62. Kg6 gxh4 63. Rc7 Bb4 64. Bf5 Rf3 65. Kxf6 {[%cal Rc7c8]} Bc3+ 66. Kg6 Rg3+ 67. Kh5 Be1 68. Rb7 Re3 69. Kg6 Rg3+ 70. Kf6 {[%cal Rb7b8]} (70. Bg4 {is more complex.} Re3 71. Rb5 Bb4 72. Rh5 Be1 73. Rf5+) 70... Bc3+ 71. Ke6 Bb4 72. Rh7 Be1 73. Rf7+ Kg8 74. Rb7 Rf3 75. Ke5 (75. Kf6 {feels hotter.} Bc3+ 76. Kg6 Kf8 77. Rf7+ Kg8 78. Rc7) 75... Kf8 76. Ke4 Rg3 77. Be6 Bd2 78. Kd4 Rf3 79. Rh7 Re3 (79... Be1 $14) 80. Kd5 (80. Rf7+ $1 $16 Ke8 81. Rf2) 80... Rxb3 81. Rxh4 Rb4 82. Rh8+ Kg7 83. Rg8+ Kh7 84. Rg2 Bc3 85. Bd7 Rd4+ 86. Ke6 Rf4 87. Kd6 Rc4 88. Rg3 Bd2 89. Kd5 Rh4 90. Bf5+ Kh8 91. Ke6 {Strongly threatening Kf7.} Rc4 92. Rd3 Bg5 93. Rg3 (93. Rd5 $16) 93... Bh4 (93... Bd2 $11) 94. Rb3 ({White should try} 94. Rg4 $14 Rxg4 95. hxg4 (95. Bxg4 Kg7 $14)) 94... Kg7 95. Rb7+ Kg8 96. Bh7+ Kf8 97. Rf7+ Ke8 98. Ra7 Rc6+ 99. Kd5 Rh6 100. Bf5 Be1 101. Rg7 Rf6 102. Bd7+ Kf8 103. Rg4 (103. Rg1 {seems wilder.} Bd2 104. Ke5 Bc3+ 105. Ke4 Ke7 106. Rg3) 103... Bd2 104. h4 Ke7 105. Bb5 Rd6+ 106. Kc4 Rh6 107. Kd3 Be1 108. h5 Bf2 109. Rg5 Be1 110. Rf5 Rf6 111. Rg5 ({Better is} 111. Re5+ $16 Re6 112. Rxe6+ Kxe6 113. h6) 111... Bb4 (111... Rh6 $1 $11 {remains equal.}) 112. Ke4 Re6+ 113. Kf3 Rf6+ 114. Kg4 Bd2 115. Rd5 Rd6 {[#]} (115... Bh6 $14) 116. Re5+ (116. Rxd6 $1 $16 Kxd6 117. Kf5) 116... Re6 117. Rc5 Kf6 118. Rd5 Bc3 119. Bd3 Re5 120. Rd6+ Re6 121. Rd8 Ke7 122. Rc8 (122. Rd5 {looks sharper.} Bb4 123. Bg6 Rc6 124. Kg5 Rc5 125. Be4) 122... Bd2 123. Rc2 Bh6 124. Rc7+ Kf6 $1 125. Rd7 Rb6 126. Bb5 Re6 127. Bd3 Rb6 128. Be4 (128. Bc2 $14) 128... Bf8 129. Bc2 Rc6 (129... Rb4+ $11 {keeps the balance.} 130. Kg3 Rc4) 130. Rd2 (130. Bb3 $16 {Black must now prevent Rf7+.} Bh6 131. Rf7+ Ke5 132. Rf5+ Kd4 133. Rxa5) 130... Rc4+ $11 131. Kf3 Rc3+ 132. Kg2 Kg5 133. Bd1 Rc5 134. Rd8 Bg7 135. Rd7 Be5 136. Rd8 Kh6 137. Re8 Bf4 138. Re6+ Kg7 139. Kf3 Bc1 140. Ke4 Kh7 141. Be2 (141. Kd4 $16 Rc8 142. Be2) 141... Kg7 142. Kd4 Rf5 143. Rg6+ Kh8 144. Rc6 Bg5 145. Bd3 Rf4+ 146. Ke5 $1 Rxa4 {[#]} 147. Rc8+ (147. h6 $1 $16 {White threatens Rc8+ and mate.} Bxh6 148. Rxh6+ Kg7 149. Rh7+ Kg8 150. Ra7) 147... Kg7 148. Rc7+ Kf8 {aiming for ...Bf4+.} 149. Kf5 Be3 150. Kf6 {[%cal Rc7c8]} Rf4+ 151. Bf5 {[%cal Rc7c8]} Bd4+ 152. Kg6 {Threatens to win with Rf7+.} (152. Kg5 {with more complications.} Be3 153. Kg6 Rb4 154. Rf7+ Ke8 155. Rf6) 152... Rf1 153. h6 {Rf7+ is the strong threat.} Rg1+ 154. Kh7 Re1 155. Rc8+ Re8 (155... Ke7 $1 $11) 156. Rc4 $14 Rd8 157. Rc6 (157. Kg6 $16) 157... a4 {The position is equal.} 158. Ra6 Kf7 {[%csl Gd4][%cal Rd8h8]} 159. Bg6+ Ke7 {[%csl Gd4][%cal Rd8h8]} 160. Bc2 Rd6 (160... Kf7 $5 161. Bg6+ $8 Ke7 $11) 161. Rxa4 Be3 162. Bg6 Kf6 163. Be8 Ke7 164. Re4+ {Accuracy: White = 52%, Black = 50%.} 1/2-1/2

[Event "CHN-chW 2019"]
[Site "Xinghua"]
[Date "2019.05.19"]
[Round "8.11"]
[White "Shen, Yang"]
[Black "Xiao, Yiyi"]
[Result "0-1"]
[WhiteElo "2449"]
[BlackElo "2290"]
[Annotator "TA"]
[PlyCount "84"]
[EventDate "2019.05.11"]
[EventType "tourn"]
[EventCountry "CHN"]
[SourceTitle "playchess.com"]
[Source "ChessBase"]
[SourceQuality "1"]

{[%evp 29,84,0,0,0,14,14,12,0,0,-27,-19,-27,29,-57,-47,-85,-87,-87,-81,-164,-165,-164,-164,-169,-169,-174,-161,-193,-179,-158,-78,-113,-103,-162,-146,-376,-341,-331,-351,-398,-323,-433,-377,-428,-410,-585,-426,-469,-469,-456,-438,-544,-544,-475,-425,-994,-980]} 1. d4 Nf6 2. c4 e6 3. Nc3 d5 4. Bg5 Be7 5. e3 h6 6. Bh4 O-O 7. Rc1 c6 8. Nf3 Nbd7 9. Bd3 dxc4 10. Bxc4 b5 11. Bd3 a6 12. a4 Bb7 13. O-O b4 14. Bxf6 Nxf6 15. Ne4 Nd7 $1 16. Qe2 {D66: Queen's Gambit Declined: Classical: Main Line (7 Rc1 c6 8 Bd3)} a5 (16... Qa5 17. Nfd2 c5 18. dxc5 Bd5 19. Nc4 Qxa4 20. Ra1 Qc6 21. Na5 Qc7 22. Rfc1 f5 23. Nd2 Nxc5 {½-½ (41) Beliavsky,A (2618)-Sveshnikov,E (2541) Bled 1999}) 17. Rfd1 Qb6 18. Bb1 $146 {The position is equal.} ({Predecessor:} 18. Nfd2 Rac8 19. Nc4 Qc7 20. Ned2 c5 21. Nb3 Bc6 22. Ncxa5 Bxa4 23. Bb5 Bxb5 24. Qxb5 {½-½ (40) Kratochvil,J (2114)-Bares,J (2219) ICCF email 2011}) 18... Rfd8 19. Nfd2 c5 20. Nc4 Qc6 ({Black should try} 20... Qc7) 21. f3 (21. dxc5 $11 Qa6 22. Bd3) 21... Ba6 ({Much weaker is} 21... Qxa4 $6 22. Nxc5 Nxc5 23. Nb6 $14) 22. b3 cxd4 23. exd4 Nb6 24. Nxb6 (24. Bd3 $17) 24... Qxb6 $19 ({Don't play} 24... Bxe2 25. Rxc6 Bxd1 26. Nxa8 $15) 25. Qf2 Rac8 26. Rxc8 Bxc8 27. Bc2 Bb7 28. h3 Bxe4 29. Bxe4 {[#]} e5 $1 {[%mdl 512]} 30. Qc2 (30. dxe5 Rxd1+) 30... exd4 {And now ...d3+ would win.} 31. Rd3 (31. Bd3 $17) 31... Qd6 32. Bf5 $2 (32. f4 $17) 32... g6 33. Be4 Bg5 {Hoping for ...Be3+.} 34. g4 Qg3+ 35. Qg2 Be3+ 36. Kf1 Qc7 37. Rd1 (37. Qe2 {might work better.} h5 38. Rd1 hxg4 39. fxg4) 37... Rc8 {Black is clearly winning.} 38. Qe2 Qg3 {[%csl Ge3][%cal Rg3g1]} 39. Qg2 Qe5 40. Qb2 Rc3 41. Kg2 Qe6 42. Bc2 {[#]} (42. Bd3 $142) 42... Bc1 $1 {[%mdl 512] Accuracy: White = 24%, Black = 60%.} 0-1

[Event "CHN-chW 2019"]
[Site "Xinghua"]
[Date "2019.05.19"]
[Round "8.12"]
[White "Zhu, Jiner"]
[Black "Ren, Xiaoyi"]
[Result "1-0"]
[WhiteElo "2439"]
[BlackElo "2261"]
[Annotator "TA"]
[PlyCount "117"]
[EventDate "2019.05.11"]
[EventType "tourn"]
[EventCountry "CHN"]
[SourceTitle "playchess.com"]
[Source "ChessBase"]
[SourceQuality "1"]

{[%evp 18,116,11,9,2,0,0,0,0,0,0,0,31,5,25,8,10,13,52,57,52,41,43,65,56,0,0,0,26,22,13,13,43,25,18,-4,-4,-7,0,0,36,44,63,59,58,52,118,53,45,50,168,168,168,168,168,168,164,164,164,162,369,369,428,428,370,370,370,425,368,363,1132,1166,1663,1663,1474,1429,5895,5526,29963,29966,29968,29968,29958,12803,29973,29974,29973,29970,29986,29986,29991,29992,29992,29993,29995,29994,29997,29998,29998,29999,29999]} 1. e4 c5 2. Nf3 d6 3. d4 cxd4 4. Nxd4 Nf6 5. Nc3 a6 6. Be3 e5 7. Nf3 Be7 8. Bc4 O-O 9. O-O Be6 10. Bb3 b5 {B90: Sicilian Najdorf: Unusual White 6th moves, 6 Be3 Ng4 and 6 Be3 e5} 11. Bg5 (11. Re1 Qc8 12. Bg5 Nbd7 13. Re2 Qb7 14. Rd2 Rfe8 15. Bxf6 Nxf6 16. Qe2 Rac8 17. Nd5 Nxd5 18. Bxd5 {½-½ (28) Nisipeanu,L (2674)-Wojtaszek,R (2749) Germany 2018}) 11... Nbd7 12. Qe2 Rc8 {The position is equal.} 13. Rfd1 Qc7 14. a3 $146 ({Predecessor:} 14. Ne1 Bc4 15. Bxc4 Qxc4 16. Qxc4 Rxc4 17. f3 Rfc8 18. a3 {½-½ (39) Kurmann,O (2459)-Heimann,A (2588) Bad Ragaz 2017}) 14... Bc4 15. Qe3 Qc5 16. Bxc4 Qxc4 17. Ne1 h6 18. Bxf6 Nxf6 19. Qa7 Rc7 20. Qxa6 Rb8 21. Rd3 (21. Qa5 $14) 21... Qc5 $11 22. b4 $1 {[%cal Rb4c5]} Ra7 (22... Qc4 {keeps more tension.} 23. a4 Qxb4 24. Nxb5 Rd7 25. Rc3 Qxe4 26. Rc8+ Rxc8 27. Qxc8+ Rd8) 23. bxc5 Rxa6 24. cxd6 Bxd6 25. Rb1 Bxa3 26. Rxb5 Rxb5 27. Nxb5 Bc5 28. Nc3 Ra1 {[%cal Ra1e1]} 29. Kf1 Ng4 30. f3 Nxh2+ 31. Ke2 h5 (31... Bb4 $14) 32. Rd5 ({White should try} 32. Rd8+ $16 Kh7 33. Rd1 Rxd1 34. Nxd1 (34. Kxd1 h4 $14)) 32... Bb4 $14 33. Nd1 {Threatens to win with Nd3.} Ra2 ({Black should play} 33... f6 $14) 34. Rxe5 $18 Bxe1 35. Kxe1 Rxc2 {[%mdl 4096] Endgame KRN-KRN} 36. Ne3 ({And not} 36. Rxh5 Rxg2 37. Rh3 g5 $11) 36... Rc1+ {[#]} 37. Kf2 $1 g6 {[#]} 38. Rd5 $1 h4 $2 (38... Kg7 {is a better defense.} 39. Nd1 Kf6) 39. Rd1 Rc3 40. Rh1 Nxf3 41. gxf3 {KRN-KR} g5 42. Rg1 f6 {[#]} 43. e5 $1 Kf7 $2 (43... Ra3 44. Ng4 Kf7 45. Nxf6 Ra2+ 46. Ke3 Ra3+ 47. Ke4 Kg6) (43... fxe5 44. Rxg5+) 44. exf6 Rc5 45. Ng4 Rc2+ 46. Ke3 Rc3+ 47. Kd4 Ra3 48. Rb1 Ra4+ 49. Ke5 Ra5+ 50. Ke4 Kg6 51. Rb6 {White mates.} Ra4+ 52. Kd5 Rf4 53. Ne5+ Kh7 54. Rb7+ Kh6 55. Ke6 h3 56. Ng4+ Kg6 57. Rg7+ Kh5 58. Rh7+ Kg6 59. Rh6# {Accuracy: White = 81%, Black = 38%.} 1-0

[Event "CHN-chW 2019"]
[Site "Xinghua"]
[Date "2019.05.20"]
[Round "9.7"]
[White "Ren, Xiaoyi"]
[Black "Guo, Qi"]
[Result "0-1"]
[WhiteElo "2261"]
[BlackElo "2361"]
[Annotator "TA"]
[PlyCount "50"]
[EventDate "2019.05.11"]
[EventType "tourn"]
[EventCountry "CHN"]
[SourceTitle "playchess.com"]
[Source "ChessBase"]
[SourceQuality "1"]

{[%evp 14,50,9,-1,1,-11,19,-113,-104,-112,-120,-142,-140,-132,-128,-152,-134,-235,-237,-243,-228,-251,-222,-201,-92,-225,-210,-534,-529,-495,-500,-1334,-1325,-29993,-29987,-29987,-29988,-29993,-29993]} 1. d4 Nf6 2. c4 e6 3. g3 c5 4. Nf3 cxd4 5. Nxd4 d5 6. Bg2 e5 7. Nb3 d4 8. O-O Nc6 {E01: Catalan: Early deviations} 9. Bg5 Be7 10. f4 (10. e3 $11 {remains equal.}) (10. e3 Bg4 11. Qd2 O-O 12. exd4 exd4 13. Bxc6 bxc6 14. Qxd4 Qc8 15. Re1 Rd8 16. Qe3 {½-½ (26) Li,C (2732)-Dubov,D (2696) Liaocheng 2018}) 10... Ng4 $17 {White must now prevent ...f6.Black is better.} 11. Bxe7 Qxe7 12. Qd2 Ne3 {[%mdl 64] Double Attack} 13. Rf2 Nxg2 ({Don't play} 13... Nxc4 $6 14. Bxc6+ bxc6 15. Qc1 $11) 14. Kxg2 $146 ({Predecessor:} 14. Rxg2 Bh3 15. Rf2 e4 16. e3 {0-1 (29) Znidaric,A (1827)-Bellia,F (2448) Nova Gorica 2013}) 14... e4 $36 {[%mdl 2048] aiming for ...e3. Black is really pushing.} 15. Rf1 (15. e3 $17 {was worth a try.} d3 16. Nc3) 15... e3 $19 16. Qd3 {[#]} O-O $1 17. Nxd4 {[#]} Rd8 $1 ({Weaker is} 17... Nxd4 18. Qxd4 Rd8 19. Qe5 $11) 18. Nxc6 bxc6 (18... Bh3+ $1 $19 19. Kxh3 Qe6+ {[%mdl 64] Double Attack} 20. f5 Qh6+ 21. Kg4 Rxd3 22. Ne7+ Kf8 23. exd3 Kxe7) 19. Qb3 {[#]} (19. Qc2 $17) 19... Rb8 $1 {[%mdl 512]} 20. Qa3 $2 (20. Qxb8 Bh3+ {[%mdl 64] Skewer, Discovered Attack} 21. Kxh3 Rxb8 22. Nc3) 20... Qe4+ {[%mdl 64] Double Attack} 21. Rf3 {Black should prevent Nc3.} Bg4 {[%mdl 64] Pin} 22. Nc3 (22. Qxe3 $142 Bxf3+ 23. Qxf3 Qxc4 24. Na3) 22... Bxf3+ 23. exf3 Qc2+ {Black mates.} 24. Kh3 Qf5+ 25. Kh4 {[#]} Qf6+ {Played: Rd8-d2} 0-1

[Event "CHN-chW 2019"]
[Site "Xinghua"]
[Date "2019.05.20"]
[Round "9.8"]
[White "Xiao, Yiyi"]
[Black "Zhu, Jiner"]
[Result "1/2-1/2"]
[WhiteElo "2290"]
[BlackElo "2439"]
[Annotator "ChessBase"]
[PlyCount "83"]
[EventDate "2019.05.11"]
[EventType "tourn"]
[EventCountry "CHN"]
[SourceTitle "playchess.com"]
[Source "ChessBase"]
[SourceQuality "1"]
[TimeControl "5400+30"]

1. d4 {[%emt 0:00:00]} Nf6 {[%emt 0:00:00]} 2. Bg5 {[%emt 0:00:05]} g6 {[%emt 0:01:11]} 3. Bxf6 {[%emt 0:00:14]} exf6 {[%emt 0:00:05]} 4. e3 {[%emt 0:00:06]} d5 {[%emt 0:00:13]} 5. g3 {[%emt 0:03:39]} Bg7 {[%emt 0:00:07]} 6. Bg2 {[%emt 0:00:05]} O-O {[%emt 0:00:19]} 7. Ne2 {[%emt 0:01:51]} c6 {[%emt 0:00:15]} 8. O-O {[%emt 0:01:21]} f5 {[%emt 0:00:34]} 9. c4 {[%emt 0:04:30]} dxc4 {[%emt 0:00:50]} 10. Na3 {[%emt 0:00:21]} Nd7 {[%emt 0:04:42]} 11. Nxc4 {[%emt 0:01:58]} Nb6 {[%emt 0:00:11]} 12. Na5 {[%emt 0:15:24]} Qe7 {[%emt 0:14:29]} 13. Qd2 {[%emt 0:06:33]} Be6 {[%emt 0:00:42]} 14. Nf4 {[%emt 0:00:28]} h5 {[%emt 0:06:49]} 15. h4 {[%emt 0:03:11]} Rad8 {[%emt 0:02:54]} 16. Qe2 {[%emt 0:11:28]} Nd5 {[%emt 0:02:20]} 17. Nxe6 {[%emt 0:01:41]} fxe6 {[%emt 0:00:05]} 18. Nc4 {[%emt 0:01:42]} e5 {[%emt 0:08:46]} 19. dxe5 {[%emt 0:01:14]} Bxe5 {[%emt 0:00:09]} 20. Nxe5 {[%emt 0:00:07]} Qxe5 {[%emt 0:00:04]} 21. Rad1 {[%emt 0:07:12]} Rd6 {[%emt 0:04:23]} 22. Rd2 {[%emt 0:10:13]} Rfd8 {[%emt 0:01:35]} 23. e4 {[%emt 0:03:00]} fxe4 {[%emt 0:07:01]} 24. Qxe4 {[%emt 0:00:13]} Qxe4 {[%emt 0:00:11]} 25. Bxe4 {[%emt 0:00:04]} Ne7 {[%emt 0:00:26]} 26. Re2 {[%emt 0:02:53]} Rd2 {[%emt 0:01:28]} 27. Rfe1 {[%emt 0:00:02]} Rxe2 {[%emt 0:00:14]} 28. Rxe2 {[%emt 0:00:01]} Rd4 {[%emt 0:02:26]} 29. Kf1 {[%emt 0:06:23]} Kf7 {[%emt 0:00:07]} 30. Ke1 {[%emt 0:00:20]} a5 {[%emt 0:01:06]} 31. Bc2 {[%emt 0:00:17]} Kf6 {[%emt 0:03:37]} 32. Rd2 {[%emt 0:07:17]} Ke5 {[%emt 0:00:28]} 33. Rxd4 {[%emt 0:01:33]} Kxd4 {[%emt 0:00:07]} 34. Ke2 {[%emt 0:00:02]} b5 {[%emt 0:12:39]} 35. Kf3 {[%emt 0:01:03]} Ke5 {[%emt 0:05:45]} 36. g4 {[%emt 0:02:32]} c5 {[%emt 0:01:51]} 37. Kg3 {[%emt 0:04:08]} c4 {[%emt 0:05:15]} 38. f4+ {[%emt 0:00:05]} Kf6 {[%emt 0:00:04]} 39. f5 {[%emt 0:01:23]} gxf5 {[%emt 0:01:26]} 40. gxh5 {[%emt 0:00:14]} Nd5 {[%emt 0:00:13]} 41. Kf3 {[%emt 0:00:39]} c3 {[%emt 0:00:33]} 42. bxc3 {[%emt 0:00:08]} 1/2-1/2